[Event "Teteven op 31st"]
[Site "Teteven"]
[Date "2016.08.17"]
[Round "5"]
[White "Slijper, Thomas"]
[Black "Stojanov, Alexandar"]
[Result "0-1"]
[WhiteElo "1932"]
[BlackElo "2121"]
[PlyCount "48"]
[EventDate "2016.08.13"]
[EventType "swiss"]
[EventRounds "9"]
[EventCountry "BUL"]
[SourceTitle "CBM 173 Extra"]
[Source "ChessBase"]
[SourceDate "2016.08.29"]
[SourceVersion "1"]
[SourceVersionDate "2016.08.29"]
[SourceQuality "1"]

1. c4 b6 2. Nc3 c5 3. e4 Bb7 4. g3 Nf6 5. Bg2 d6 6. Nge2 e6 7. 0-0 a6 8. d3 Qc7 9. f4 Nc6 10. h3 Be7 11. Be3 Nd7 12. f5 Bf6 13. fxe6 fxe6 14. Nf4 Nd4 15. Qh5+ Ke7 16. Bxd4 cxd4 17. Qg4 dxc3 18. Nxe6 Ne5 19. Nxc7 Nxg4 20. Nxa8 Bd4+ 21. Kh1 cxb2 22. Rab1 Ne3 23. Nxb6 Nxf1 24. Bxf1 Rf8 0-1

[Event "Teteven op 31st"]
[Site "Teteven"]
[Date "2016.08.14"]
[Round "2"]
[White "Banev, Simeon"]
[Black "Slijper, Thomas"]
[Result "0-1"]
[WhiteElo "1429"]
[BlackElo "1932"]
[PlyCount "90"]
[EventDate "2016.08.13"]
[EventType "swiss"]
[EventRounds "9"]
[EventCountry "BUL"]
[SourceTitle "CBM 173 Extra"]
[Source "ChessBase"]
[SourceDate "2016.08.29"]
[SourceVersion "1"]
[SourceVersionDate "2016.08.29"]
[SourceQuality "1"]

1. d4 Nf6 2. e3 c5 3. c4 cxd4 4. exd4 d5 5. Nc3 Nc6 6. c5 g6 7. h3 Bg7 8. Be3 0-0 9. Nf3 Ne4 10. Qc2 e5 11. dxe5 Nxe5 12. Nxe5 Bxe5 13. Nxe4 dxe4 14. Be2 Qa5+ 15. Bd2 Qc7 16. Rd1 b6 17. b4 Bb7 18. 0-0 Rad8 19. Be3 f5 20. Qb3+ Kh8 21. cxb6 axb6 22. Rc1 Qb8 23. Qc4 f4 24. Bxb6 f3 25. Bxd8 Qxd8 26. Bxf3 exf3 27. g3 Bc8 28. g4 Qh4 29. Qc5 Bg7 30. Qd6 Qxh3 31. Qg3 Qxg3+ 32. fxg3 Bd4+ 33. Kh2 Ba6 34. Rfd1 Be3 35. Rb1 Be2 36. Re1 Bd2 37. Rh1 Rc8 38. b5 Be3 39. b6 Rb8 40. b7 Ba7 41. Rhc1 f2 42. Rc8+ Kg7 43. Kg2 Bd3 44. Rd1 Be4+ 45. Kf1 Rxb7 0-1

[Event "Olomouc op 17th"]
[Site "Olomouc"]
[Date "2014.08.07"]
[Round "9"]
[White "Slijper, Thomas"]
[Black "Beil, Zdenek"]
[Result "0-1"]
[WhiteElo "1902"]
[BlackElo "2206"]
[PlyCount "106"]
[EventDate "2014.07.31"]
[EventType "swiss"]
[EventRounds "9"]
[EventCountry "CZE"]
[SourceTitle "CBM 161 Extra"]
[Source "ChessBase"]
[SourceDate "2014.08.29"]
[SourceVersion "1"]
[SourceVersionDate "2014.08.29"]
[SourceQuality "1"]

1. c4 c6 2. g3 d5 3. Nf3 Nf6 4. Bg2 Bg4 5. Ne5 Be6 6. cxd5 Bxd5 7. Nf3 c5 8. Nc3 Bc6 9. 0-0 e6 10. d3 Be7 11. e4 0-0 12. Qe2 Qb6 13. Rd1 Rd8 14. Ne5 Be8 15. Nc4 Qa6 16. e5 Nd5 17. Nxd5 exd5 18. Ne3 Qe6 19. f4 Nc6 20. Qf1 Nd4 21. Bh3 Qh6 22. Nf5 Nxf5 23. Bxf5 Qb6 24. a4 Bd7 25. Bxd7 Rxd7 26. Qe2 Re8 27. Bd2 d4 28. Be1 Qe6 29. Qc2 h5 30. b3 g6 31. Rab1 h4 32. Qg2 hxg3 33. hxg3 f6 34. exf6 Bxf6 35. g4 Qe3+ 36. Qf2 Rh7 37. Qxe3 Rxe3 38. b4 cxb4 39. Rxb4 Rf3 40. Bf2 Rxf4 41. Rdb1 Rxg4+ 42. Kf1 b6 43. a5 Be7 44. R4b3 Rf7 45. axb6 Bh4 46. R1b2 axb6 47. Rxb6 Kg7 48. Rb7 Rgf4 49. Rxf7+ Rxf7 50. Kg2 Rxf2+ 51. Rxf2 Bxf2 52. Kxf2 Kf6 53. Kf3 Kf5 0-1

[Event "Olomouc op 17th"]
[Site "Olomouc"]
[Date "2014.08.05"]
[Round "7"]
[White "Slijper, Thomas"]
[Black "Soban, Jaroslav"]
[Result "1-0"]
[WhiteElo "1902"]
[BlackElo "2144"]
[PlyCount "151"]
[EventDate "2014.07.31"]
[EventType "swiss"]
[EventRounds "9"]
[EventCountry "CZE"]
[SourceTitle "CBM 161 Extra"]
[Source "ChessBase"]
[SourceDate "2014.08.29"]
[SourceVersion "1"]
[SourceVersionDate "2014.08.29"]
[SourceQuality "1"]

1. c4 f5 2. g3 Nf6 3. Bg2 g6 4. Nc3 Bg7 5. d3 d6 6. e4 Nc6 7. Nge2 0-0 8. 0-0 e5 9. Nd5 Ne7 10. Nxf6+ Bxf6 11. Bh6 Rf7 12. Qd2 c6 13. Rac1 Be6 14. Bg5 Bg7 15. exf5 Bxf5 16. d4 exd4 17. Nxd4 Qb6 18. Be3 Qc7 19. Nxf5 Nxf5 20. Bf4 Qb6 21. b4 Rd8 22. a4 Be5 23. Bg5 Rdd7 24. a5 Qd4 25. Rfd1 Qxd2 26. Bxd2 Nd4 27. Kf1 Nf3 28. Bxf3 Rxf3 29. Ke2 Ra3 30. Be3 a6 31. Rd3 Ra2+ 32. Rd2 Rxd2+ 33. Kxd2 d5 34. cxd5 Rxd5+ 35. Ke2 Kf7 36. Rc4 Ke6 37. Re4 Kf5 38. Kf3 Bd6 39. Bd4 h5 40. h3 Rb5 41. g4+ Kg5 42. Re6 Bxb4 43. Bf6+ Kh6 44. g5+ Kh7 45. Re8 Rf5+ 46. Kg2 Rxf6 47. gxf6 g5 48. Re7+ Kg6 49. Rxb7 Bxa5 50. f7 Kg7 51. Ra7 Bc3 52. f8Q+ Kxf8 53. Rxa6 c5 54. Rg6 Bd2 55. Rc6 Bb4 56. Ra6 Kg7 57. Rc6 Kf7 58. Kf3 g4+ 59. hxg4 hxg4+ 60. Kxg4 Ke7 61. Rb6 Ba5 62. Rb5 Be1 63. f4 Kd6 64. Rb1 Bc3 65. Rd1+ Kc6 66. Kf5 Kb5 67. Ke4 c4 68. Rb1+ Kc5 69. f5 Bf6 70. Rb8 c3 71. Rf8 Be7 72. Rc8+ Kb4 73. Kd3 Bf6 74. Rc6 Bh8 75. f6 Kb5 76. f7 1-0

[Event "Maastricht Limburg op-B 8th"]
[Site "Maastricht"]
[Date "2014.06.08"]
[Round "5"]
[White "Bhattacharjee, Sourav"]
[Black "Slijper, Thomas"]
[Result "1/2-1/2"]
[WhiteElo "1934"]
[BlackElo "1861"]
[PlyCount "87"]
[EventDate "2014.06.06"]
[EventType "swiss"]
[EventRounds "7"]
[EventCountry "NED"]
[SourceTitle "EXT 2015"]
[Source "ChessBase"]
[SourceDate "2014.11.20"]
[SourceVersion "1"]
[SourceVersionDate "2014.11.20"]
[SourceQuality "1"]

1. e4 c6 2. d4 d5 3. Nd2 dxe4 4. Nxe4 Bf5 5. Ng3 Bg6 6. h4 h6 7. h5 Bh7 8. Nf3 Nd7 9. Bd3 Bxd3 10. Qxd3 e6 11. Bd2 Ngf6 12. 0-0-0 Be7 13. Qe2 0-0 14. Nf1 Qc7 15. g4 Nh7 16. Ne5 c5 17. Ng6 Rfe8 18. Nxe7+ Rxe7 19. d5 Ree8 20. d6 Qxd6 21. Rg1 Qe7 22. g5 hxg5 23. f4 f6 24. fxg5 Nxg5 25. Bxg5 fxg5 26. Qd2 Ne5 27. Qxg5 Nf3 28. Qxe7 Rxe7 29. Rg6 Rf8 30. h6 Rf6 31. Rd8+ Kh7 32. Rxg7+ Rxg7 33. hxg7 Kxg7 34. Ra8 Nd4 35. Ne3 Nc6 36. Rc8 Rf8 37. Rc7+ Rf7 38. Rc8 Rd7 39. Re8 Kf7 40. Rh8 Kf6 41. c3 e5 42. Kc2 Kg5 43. Rf8 Kg6 44. Rg8+ 1/2-1/2

[Event "Maastricht Limburg op-B 8th"]
[Site "Maastricht"]
[Date "2014.06.07"]
[Round "3"]
[White "Bondarchuk, Vadim"]
[Black "Slijper, Thomas"]
[Result "1/2-1/2"]
[WhiteElo "2039"]
[BlackElo "1861"]
[PlyCount "90"]
[EventDate "2014.06.06"]
[EventType "swiss"]
[EventRounds "7"]
[EventCountry "NED"]
[SourceTitle "EXT 2015"]
[Source "ChessBase"]
[SourceDate "2014.11.20"]
[SourceVersion "1"]
[SourceVersionDate "2014.11.20"]
[SourceQuality "1"]

1. e4 c6 2. f4 d5 3. e5 h5 4. Nf3 Bg4 5. d4 e6 6. Be2 c5 7. 0-0 Nh6 8. Be3 Nf5 9. Bf2 cxd4 10. Nxd4 Bxe2 11. Qxe2 Nxd4 12. Bxd4 Nc6 13. Bf2 Be7 14. Nd2 g6 15. Nf3 0-0 16. c3 Kg7 17. h3 h4 18. Rfd1 b6 19. c4 d4 20. Nxd4 Nxd4 21. Bxd4 Qc7 22. b3 Rad8 23. Bf2 Rh8 24. Rac1 Bc5 25. Bxc5 Qxc5+ 26. Qf2 Qe7 27. Qb2 Qc5+ 28. Qf2 Qe7 29. Kh2 Rxd1 30. Rxd1 Rd8 31. Qc2 Rxd1 32. Qxd1 Qa3 33. Qd2 Qc5 34. a4 a5 35. Qe1 Qe7 36. Kg1 Qd8 37. Qe3 Qd1+ 38. Kf2 Qc2+ 39. Kg1 Qd1+ 40. Kh2 Qd8 41. Qf2 Kh7 42. Qf3 Qd2 43. Qg4 Qe1 44. Qf3 Qd2 45. Qe4 Qf2 1/2-1/2